000 00335nam a22001217a 4500
008 151020b xxu||||| |||| 00| 0 eng d
050 _aPZ4.S428A4
100 _aScott, Paul
_920339
245 _aThe Alien sky
_c/by Paul Scott
260 _aGreat Britain
_bWilliam Heinemann
_c1967
300 _a208p. ;
_c18cm.
942 _2lcc
_cREFERENCE
999 _c123544
_d123544